| 000 | 01258cam a2200277 4500 | ||
|---|---|---|---|
| 001 | ABS63177 | ||
| 008 | 000000n2000 000 0 eng u | ||
| 035 | _a(Sirsi) u109684 | ||
| 100 | _aLewis, R | ||
| 245 | 2 | _aA browse in the park | |
| 260 | _a652000 | ||
| 490 |
_aEstates Gazette _v(0047) 25 November 2000, 164-165(2) |
||
| 520 | _aDiscusses the growth of business park intranets and outlines benefits for tenants, employees and landlords. MEPC's New Square Park intranet is leisure-based, and offers employees information on local amenities. In contrast, Arlington has launched a more business-focused intranet which provides tenant companies with information on leasing a park unit or office space. Also looks at the intranet launched by Jones Lang LaSalle at its West End Berkeley Square House offices, which offers occupants online service tools, property and contract information and leisure facilities. | ||
| 590 | _aABS | ||
| 650 | _aLEISURE FACILITIES | ||
| 650 | _aTENANTS | ||
| 650 | _aEMPLOYEES | ||
| 650 | _aBUSINESS PARKS | ||
| 650 | _aINTRANETS | ||
| 650 | _aBUSINESS INFORMATION | ||
| 650 | _aMEPC | ||
| 650 | _aJONES LANG LASALLE | ||
| 650 | _aARLINGTON | ||
| 690 | _aINFORMATION TECHNOLOGY-INTERNET | ||
| 942 | _n0 | ||
| 999 |
_c65481 _d65481 |
||